000 00846nam a2200289 a 4500
001 24949
003 CO-ViMGA
008 141112s2004 ck r 000 u spa d
020 _a9789588654379
040 _aCO-ViMGA
_bspa
_cCO-ViMGA
041 _aSPA
090 _aA SLE1
100 1 _aSlegers, Liesbest, 1975 -
_937590
245 1 0 _aA jugar /
_cLiesbet Slegers ; traducción Celia Turrión
250 _a1a ed.
260 _aBogotá :
_bEdelvives,
_c2012
300 _a12 p. : il. col. : il.
490 _aRaúl
500 _aTítulo original : Spelen
650 1 4 _aDESDE LOS 6 MESES
_937591
650 1 4 _aJUEGOS INFANTILES
_910241
650 1 4 _aJUEGOS PARA NIÑOS
_926960
650 1 4 _aJUGUETES - LIBROS DE IMAGENES
_937592
700 1 _aSlegers, Liesbest, 1975 -
_937590
700 1 _aTurrión, Celia
_937593
942 _2ddc
_cBK
999 _c2548
_d2548